000 00558nam a22001817a 4500
005 20231207062159.0
008 231207b |||||||| |||| 00| 0 eng d
020 _a9780702185830 ; 9780702185939
041 _aEnglish
082 _a348 JUT
100 _lEnglish
245 _aJuta's Statutes of South Africa /
_cJUTA'S STATUTES EDITORS
250 _aTwentieth Edition
260 _aCape Town :
_bJuta and Company Ltd,
_c2010
300 _b440 pages ;
_c26,5 cm.
650 _aLegal practice
_bLaw
942 _cBK
_6ALISON_BN_VRIES
999 _c1154
_d1154